| 000 | 00000nam##2200000za#4500 |
| 001 | 9.616553 |
| 003 | CaOODSP |
| 005 | 20211126112847 |
| 007 | ta |
| 008 | 150406|2003||||xxc||||| f|0| 0 eng|d |
| 022 | |a1192-5434 |
| 040 | |aCaOODSP|beng |
| 043 | |an-cn--- |
| 086 | 1 |aFB3-2/103-28E |
| 110 | 2 |aBank of Canada. |
| 245 | 13|aAn empirical analysis of liquidity and order flow in brokered interdealer market for government of Canada bonds / |cby Chris D'Souza, Charles Gaa, and Jing Yang. |
| 260 | |aOttawa - Ontario : |bBank of Canada |c2003. |
| 300 | |avi, 43p. : |bfigs., tables ; |c28 cm. |
| 490 | 1 |aWorking paper|x1192-5434|v2003-28 |
| 504 | |aBibliography. |
| 520 | 3 |aThis working paper is part of a series that examines a range of economic and financial issues of interest to bankers, economists and policymakers. |
| 546 | |a(Résumés en français.) |
| 563 | |aSoftcover |
| 590 | |a03-41|b2003-10-10 |
| 690 | 07|aStatistics|2gcpds |
| 690 | 07|aStock markets|2gcpds |
| 720 | 1 |aYang, Jing |
| 720 | 1 |aGaa, Charles |
| 720 | 1 |aD'Souza, Chris |
| 776 | 0#|tAn empirical analysis of liquidity and order flow in brokered interdealer market for government of Canada bonds / |w(CaOODSP)9.580584 |
| 830 | #0|aWorking paper,|x1192-5434|v2003-28|w(CaOODSP)9.514622 |